00486nam a2200109Ia 4500008004100000050002300041100002800064245015300092260008600245300003300331521001200364140724s9999 xx 000 0 und d aRT 89b.Ab162 2009 aAbrenica, Mara Jamaica. 4aThe hospital duty bag as an enhancer of student nurses' time management and equipment organization in the clinical setting /cMara Jamaica Abrenica. aLas Piñas, Philippines :bSouthville International School and Colleges,cc2009. a41 p. :bcol. ill. ;c28 cm. aNursing